| 000 | 01753cam a2200493 4500 | ||
|---|---|---|---|
| 003 | PE-LiUPU | ||
| 005 | 20250731165614.0 | ||
| 020 | _a8474328845 | ||
| 035 | _a(Sirsi) i9788474328844 | ||
| 035 | _a(Sirsi) 47996 | ||
| 035 | _a(Sirsi) 47996 | ||
| 041 | _aes | ||
| 044 | _aes | ||
| 082 | 0 | 4 |
_a060 _bF57 |
| 100 | 1 | _aFisher, John G. | |
| 245 |
_aCómo organizar convenciones y congresos / _cJohn G. Fisher ; [traducción y preimpresión, TsEdi, Teleservicios Editoriales]. |
||
| 264 | 1 |
_aBarcelona : _bGedisa, _c2001 |
|
| 300 |
_a157 páginas ; _c21 cm. |
||
| 490 | 0 | _aNuevos emprendedores | |
| 500 | _aTítulo original: How to run a successful conference | ||
| 505 | 0 | _a¿Realmente necesita organizar una convención? -- Cómo elaborar el presupuesto -- Cómo encontrar el lugar adecuado -- Cómo administrar la creatividad -- Gestión y logística -- El alojamiento -- Comer y beber -- Salidas al extranjero -- Lo q | |
| 526 | _aSEG44 | ||
| 526 | _aSEG26 | ||
| 526 | _aP151 | ||
| 526 | _aP150 | ||
| 526 | _aP149 | ||
| 526 | _aP146 | ||
| 526 | _aP145 | ||
| 526 | _aP126 | ||
| 526 | _aP125 | ||
| 526 | _aP92 | ||
| 526 | _aP75 | ||
| 526 | _aP74 | ||
| 526 | _aP27 | ||
| 526 | _aP15 | ||
| 650 | 1 | 4 |
_aCongresos y asambleas _xOrganización |
| 942 |
_2ddc _cBOOK |
||
| 949 |
_a060 F57 _i65837 _lCCODEBUL1 _mBUL _tLIBRO _o.STAFF. Colección General |
||
| 859 |
_q65837 _h060 _iF57 |
||
| 910 |
_agl _bjv _clch _d20121221 |
||
| 596 | _a1 | ||
| 999 |
_a060 F57 _wDEWEY _c54233 _i65837 _f2021-11-4 _g5 _lCCODEBUL1 _mBUL _p13.00 _r0 _sY _tBOOK _u2015-7-6 _xBIBLIOTECA _PP04 _0COMPRA _o.STAFF. Colección General _d54233 |
||
| 980 |
_81 _gALBERTO SANCHEZ Responsable de Automatización |
||